LIBRARY & INFORMATION CENTRE, KCAET, TAVANUR

ONLINE PUBLIC ACCESS CATALOGUE (OPAC)

Mathematics Dictionary / (Record no. 10197)

MARC details
000 -LEADER
fixed length control field 00364cam a2200145ua 4500
082 ## - DEWEY DECIMAL CLASSIFICATION NUMBER
Classification number 510.3
Item number JAM/MA
100 ## - MAIN ENTRY--AUTHOR NAME
Personal name .
245 00 - TITLE STATEMENT
Title Mathematics Dictionary /
250 ## - EDITION STATEMENT
Edition statement 1 /
260 ## - PUBLICATION, DISTRIBUTION, ETC. (IMPRINT)
Place of publication New Delhi :
Name of publisher C B S Publishers & Distributers ,
Year of publication 1988.
300 ## - PHYSICAL DESCRIPTION
Number of Pages 509 ; .
700 1# - ADDED ENTRY--PERSONAL NAME
Personal name James, Glenn
700 1# - ADDED ENTRY--PERSONAL NAME
Personal name James, Robert C .
942 ## - ADDED ENTRY ELEMENTS (KOHA)
Koha item type Reference
Holdings
Withdrawn status Lost status Damaged status Home library Current library Date acquired Full call number Accession Number Koha item type Collection code Shelving location
      KAUAET KAUAET 07/04/2012 028.7351 18109      
      KAUAET KAUAET 07/04/2012 510.3.JAM/MA 5564 Reference Reference Reference
free website counter